00940nam0a22002171 4500001001100000005001700011021001900028035002600047100004100073101000800114102000700122105001800129200029200147210003300439215001600472606010300488700007200591801001800663801002200681852001900703rc\380258720250530055109.0 aRUb[75-68544] a(NLR Aleph) 007256472 a20120311d1975 |||y0rusy50 ca0 arus aRU ay z |||||1 aНекоторые вопросы правового регулирования труда рабочих и служащих в хлопководческих совхозахe(По материалам Узбекистана)fАН УзССР. Ин-т философии и права aТашкентcФанd1975 a101 с.d21 aХлопководческие совхозыxТрудовые правоотношения2psbo 1aИсмаиловаbХ.А.gХалида Абдухакимовна 0aRUbNLRgpsbo 1aRUbELAR2rusmarc aNLRj75-3/6196